[Event "2BLS 2122 OSG Baden-Baden II - SV Worms"]
[Site "?"]
[Date "2022.04.30"]
[Round "3.4"]
[White "Riff, Jean-Noel"]
[Black "Ollenberger, Roland"]
[Result "1-0"]
[WhiteElo "2445"]
[BlackElo "2266"]
[PlyCount "97"]
[EventDate "2022.??.??"]

1. e4 e5 2. Nf3 Nc6 3. Bb5 a6 4. Ba4 Nf6 5. O-O b5 6. Bb3 Be7 7. Re1 O-O 8. d3
d6 9. c3 Na5 10. Bc2 c5 11. Nbd2 Nc6 12. Nf1 Be6 13. h3 Re8 14. a4 b4 15. d4
cxd4 16. cxd4 exd4 17. Nxd4 Nxd4 18. Qxd4 b3 19. Bd1 Nd7 20. Bf4 Nc5 21. Ng3
Bf6 22. Qd2 g6 23. Bf3 Be5 24. Red1 Qf6 25. Bxe5 dxe5 26. Qa5 Rec8 27. Rac1 Qe7
28. Nf1 Qc7 29. Rxc5 Qxc5 30. Rd8+ Kg7 31. Qxc5 Rxc5 32. Rxa8 Ra5 33. Bg4 Bxg4
34. hxg4 Rxa4 35. Rb8 Rxe4 36. Ne3 a5 37. Rxb3 a4 38. Rb5 f6 39. Kf1 Kh6 40.
Rb7 Kg5 41. Rxh7 Rb4 42. Ra7 Rxb2 43. Rxa4 Rd2 44. g3 Rb2 45. Kg2 Rd2 46. Nf1
Re2 47. Nh2 Kh6 48. Kf1 Rb2 49. Nf3 1-0

[Event "2BLS 2122 OSG Baden-Baden II - SV Worms"]
[Site "?"]
[Date "2022.04.30"]
[Round "3.5"]
[White "Muranyi, Karl-Jasmin"]
[Black "Schmider, Niklas"]
[Result "1/2-1/2"]
[WhiteElo "2334"]
[BlackElo "2366"]
[PlyCount "105"]
[EventDate "2022.??.??"]

1. d4 Nf6 2. c3 e6 3. Bf4 d5 4. e3 Bd6 5. Bg3 c5 6. Nd2 Qc7 7. Ngf3 Nbd7 8. Be2
O-O 9. O-O e5 10. Rc1 b6 11. b4 Rd8 12. bxc5 bxc5 13. c4 e4 14. Bxd6 Qxd6 15.
dxc5 Nxc5 16. Nd4 Bb7 17. N2b3 dxc4 18. Nxc5 Qxc5 19. Rxc4 Qg5 20. Qc2 Nd7 21.
Rb1 Bd5 22. Rb5 Ne5 23. Rcc5 Nd3 24. h4 Qg6 25. g3 Nxc5 26. Rxc5 Qb6 27. a4
Rab8 28. Kg2 Qb2 29. Qxb2 Rxb2 30. Bb5 Ra2 31. Bd7 Bb7 32. Rc7 Rb8 33. g4 h6
34. g5 hxg5 35. hxg5 Bd5 36. Rc5 Bb7 37. g6 Rb2 38. gxf7+ Kxf7 39. Rc7 Kf6 40.
Kg3 g6 41. Bb5 Rb1 42. Kg2 Rb2 43. Kg3 Ke5 44. Re7+ Kd5 45. a5 a6 46. Be2 Ra2
47. f4 Ra3 48. Kf2 Kd6 49. Re6+ Kd7 50. Bg4 Kc7 51. Re7+ Kd6 52. Rd7+ Kc5 53.
Rc7+ 1/2-1/2

[Event "2BLS 2122 OSG Baden-Baden II - SV Worms"]
[Site "?"]
[Date "2022.04.30"]
[Round "3.7"]
[White "Boos, Patrick"]
[Black "Trifan, Andrei Ioan"]
[Result "0-1"]
[WhiteElo "1987"]
[BlackElo "2253"]
[PlyCount "126"]
[EventDate "2022.??.??"]

1. e4 e5 2. Nf3 Nc6 3. Bb5 a6 4. Bxc6 dxc6 5. O-O Bg4 6. h3 h5 7. d3 Qf6 8.
Nbd2 Ne7 9. Re1 Ng6 10. d4 Nf4 11. hxg4 hxg4 12. g3 gxf3 13. Qxf3 Ne6 14. dxe5
Qh6 15. Nb3 g5 16. Be3 Bg7 17. Rad1 a5 18. Kf1 Qh3+ 19. Ke2 g4 20. Qh1 Qh5 21.
Qxh5 Rxh5 22. f4 gxf3+ 23. Kxf3 Bxe5 24. c3 a4 25. Nd4 Rh2 26. Ne2 Ke7 27. Rd2
Rg8 28. Rg1 b6 29. Rg2 Rh1 30. Rg1 Rxg1 31. Nxg1 Rxg3+ 32. Kf2 Rg4 33. Kf3 Rg8
34. a3 Rh8 35. Bd4 Bxd4 36. cxd4 Rh4 37. Ke3 Ng5 38. e5 Re4+ 39. Kd3 Re1 40.
Rg2 Ne6 41. Rg4 c5 42. Kd2 Rb1 43. Kc2 Rf1 44. dxc5 Nxc5 45. Ne2 Ke6 46. Nc3
Rf2+ 47. Kb1 Kxe5 48. Nxa4 f5 49. Rh4 Ne4 50. Rh7 b5 51. Nc3 Nxc3+ 52. bxc3 c6
53. c4 bxc4 54. a4 c3 55. a5 Rb2+ 56. Kc1 Kd4 57. Rf7 Ke4 58. a6 f4 59. Rc7 f3
60. Rxc6 f2 61. Rf6 Ra2 62. a7 Rxa7 63. Kc2 Ra1 0-1

[Event "2BLS 2122 OSG Baden-Baden II - SV Worms"]
[Site "?"]
[Date "2022.04.30"]
[Round "3.8"]
[White "Doll, Rebecca"]
[Black "Guckes, Fabian"]
[Result "1-0"]
[WhiteElo "1913"]
[BlackElo "1739"]
[PlyCount "45"]
[EventDate "2022.??.??"]

1. e4 c5 2. Nf3 Nc6 3. d4 cxd4 4. Nxd4 e5 5. Nb5 d6 6. N1c3 a6 7. Na3 Nf6 8.
Bg5 Be7 9. Bxf6 gxf6 10. Qh5 b5 11. Nd5 Be6 12. Bd3 Rg8 13. Ne3 Qd7 14. Qxh7
O-O-O 15. Qh5 Rg5 16. Qd1 d5 17. exd5 Bxd5 18. h4 Rxg2 19. Bf5 Qxf5 20. Nxf5
Bxa3 21. bxa3 Bc4 22. Qf3 Bd5 23. Qh3 1-0

[Event "2BLS 2122 Stuttgarter SF - SG Speyer-Sc"]
[Site "?"]
[Date "2022.05.01"]
[Round "4.1"]
[White "Oleksiyenko, Mykhaylo"]
[Black "Macovei, Andrei"]
[Result "1/2-1/2"]
[WhiteElo "2590"]
[BlackElo "2453"]
[PlyCount "81"]
[EventDate "2022.??.??"]

1. e4 c5 2. Nf3 d6 3. d4 cxd4 4. Nxd4 Nf6 5. Nc3 Nc6 6. f3 e5 7. Nb3 Be6 8. Nd5
Be7 9. Be3 O-O 10. c4 a5 11. Bb6 Qd7 12. a4 Bd8 13. Be3 Qc8 14. Be2 Nd7 15. O-O
b6 16. Nd2 Nd4 17. Bxd4 exd4 18. Nb3 Bxd5 19. cxd5 f5 20. exf5 Bf6 21. Bb5 Nc5
22. g4 g6 23. fxg6 hxg6 24. Rc1 Qd8 25. Nxd4 Bxd4+ 26. Qxd4 Qg5 27. Rc4 Ra7 28.
Qf2 Raf7 29. h4 Qe5 30. f4 Qf6 31. f5 gxf5 32. g5 Qe5 33. Qf4 Nd3 34. Qxe5 Nxe5
35. Rd4 f4 36. Kg2 Ng6 37. h5 Ne5 38. Bd3 Nxd3 39. Rxd3 Rf5 40. Kf2 Rxg5 41.
Rg1 1/2-1/2

[Event "2BLS 2122 Stuttgarter SF - SG Speyer-Sc"]
[Site "?"]
[Date "2022.05.01"]
[Round "4.2"]
[White "Kvetny, Mark"]
[Black "Iturrizaga Bonelli, Eduardo"]
[Result "0-1"]
[WhiteElo "2420"]
[BlackElo "2594"]
[PlyCount "60"]
[EventDate "2022.??.??"]

1. d4 Nf6 2. c4 e6 3. Nf3 Bb4+ 4. Nbd2 d5 5. e3 O-O 6. a3 Be7 7. b4 a5 8. b5 c5
9. bxc6 bxc6 10. Bb2 Nbd7 11. Bd3 Ba6 12. O-O c5 13. Qe2 Rb8 14. Ra2 cxd4 15.
Nxd4 Ne5 16. Nf5 Nxd3 17. Nxe7+ Qxe7 18. Qxd3 dxc4 19. Qc3 Rfd8 20. Qxa5 c3 21.
Qxa6 cxb2 22. Nb1 Qc5 23. Qe2 Qc1 24. g3 Ne4 25. Kg2 Nc3 26. Nxc3 Qxc3 27. Rb1
Rd2 28. Qf3 h6 29. Qf4 Qb3 30. a4 Rb4 0-1

[Event "2BLS 2122 Stuttgarter SF - SG Speyer-Sc"]
[Site "?"]
[Date "2022.05.01"]
[Round "4.3"]
[White "Hera, Imre Jr"]
[Black "Benkovic, Petar"]
[Result "1-0"]
[WhiteElo "2576"]
[BlackElo "2361"]
[PlyCount "83"]
[EventDate "2022.??.??"]

1. d4 Nf6 2. c4 e6 3. g3 d5 4. Bg2 Be7 5. Nf3 O-O 6. O-O c6 7. Qc2 b6 8. Nbd2
a5 9. e4 Ba6 10. Re1 Nbd7 11. e5 Ne8 12. cxd5 cxd5 13. Nf1 Qc7 14. Qd1 Rc8 15.
Ne3 Nb8 16. h4 Qd7 17. Ng4 Nc6 18. a3 Kh8 19. Bf4 Bb5 20. b3 Na7 21. h5 a4 22.
h6 g6 23. Bg5 axb3 24. Qxb3 Bxg5 25. Nxg5 Qe7 26. f4 Rc6 27. a4 Bc4 28. Qb2 Bd3
29. Rec1 Bf5 30. Nf2 f6 31. exf6 Nxf6 32. Rxc6 Nxc6 33. Qxb6 Nb4 34. a5 Nc2 35.
Ra2 Nd7 36. Qc7 Nxd4 37. a6 Nb5 38. Qc6 Nd4 39. Qa4 e5 40. a7 Nb6 41. Qa5 Na8
42. Qxd5 1-0

[Event "2BLS 2122 Stuttgarter SF - SG Speyer-Sc"]
[Site "?"]
[Date "2022.05.01"]
[Round "4.4"]
[White "Neyman, Igor"]
[Black "Kantans, Toms"]
[Result "0-1"]
[WhiteElo "2336"]
[BlackElo "2484"]
[PlyCount "134"]
[EventDate "2022.??.??"]

1. d4 Nf6 2. c4 e6 3. Nc3 Bb4 4. e3 b6 5. Nf3 Bb7 6. Bd3 Ne4 7. Qc2 f5 8. O-O
Bxc3 9. bxc3 O-O 10. Nd2 Qh4 11. f3 Ng5 12. Qd1 Rf6 13. Qe1 Qh5 14. h4 Nf7 15.
e4 f4 16. e5 Rh6 17. Ne4 Qxh4 18. Qxh4 Rxh4 19. Kf2 Nc6 20. Ba3 Ba6 21. Rh1
Rxh1 22. Rxh1 h6 23. Ke2 Rd8 24. c5 Bxd3+ 25. Kxd3 g5 26. g3 fxg3 27. Nxg3 Kg7
28. f4 bxc5 29. Bxc5 d6 30. exd6 cxd6 31. Ba3 Ne7 32. fxg5 hxg5 33. Ne4 Nd5 34.
c4 Nf6 35. Nxf6 Kxf6 36. c5 dxc5 37. Bxc5 Rd7 38. Rf1+ Kg6 39. Ke4 Rd5 40. Rb1
Nd6+ 41. Kf3 Kf5 42. Rb8 g4+ 43. Ke3 Nc4+ 44. Kd3 Ne5+ 45. Ke3 Nd7 46. Rc8 a6
47. a4 Nxc5 48. dxc5 g3 49. Kf3 Rd3+ 50. Kg2 Rc3 51. c6 Kf4 52. c7 Rc2+ 53. Kg1
Ke5 54. a5 Rc6 55. Ra8 Rxc7 56. Rxa6 Rc2 57. Ra8 Ke4 58. a6 e5 59. a7 Rc7 60.
Kg2 Rg7 61. Kf1 Rf7+ 62. Kg2 Kf4 63. Rb8 Rxa7 64. Rf8+ Ke3 65. Kxg3 Rg7+ 66.
Kh2 e4 67. Ra8 Kf2 0-1

[Event "2BLS 2122 Stuttgarter SF - SG Speyer-Sc"]
[Site "?"]
[Date "2022.05.01"]
[Round "4.5"]
[White "Boguslawski, Oleg"]
[Black "Strunski, Andreas"]
[Result "1/2-1/2"]
[WhiteElo "2379"]
[BlackElo "2320"]
[PlyCount "150"]
[EventDate "2022.??.??"]

1. e4 c5 2. Nf3 e6 3. d4 cxd4 4. Nxd4 Nc6 5. Nc3 Qc7 6. Be3 a6 7. Qd2 Nf6 8. f4
Bb4 9. Bd3 d5 10. e5 Ng4 11. Bg1 h5 12. a3 Be7 13. O-O-O Nh6 14. Kb1 g6 15. Na4
b5 16. Qc3 Bd7 17. Nc5 Na5 18. Ndb3 Nc4 19. Ka2 Bc8 20. Qd4 Rb8 21. h3 h4 22.
Bf2 a5 23. Nc1 a4 24. c3 Rb6 25. Bxc4 bxc4 26. Ne4 Rb8 27. Nd6+ Kf8 28. Qa7
Qxa7 29. Bxa7 Ra8 30. Bc5 Nf5 31. Bb4 Bxd6 32. exd6 Kg7 33. Ne2 Ra6 34. Nd4
Nxd6 35. Rhe1 Ne4 36. Nf3 Nf2 37. Rd4 Nd3 38. Rd1 Rh5 39. R1xd3 cxd3 40. Rxd3
Ra8 41. b3 Ba6 42. Rd4 axb3+ 43. Kxb3 Bf1 44. Rd2 Rf5 45. Rd4 Rh8 46. Be7 f6
47. Rb4 Bc4+ 48. Kc2 Rxf4 49. Rb7 Re4 50. Bd8+ Kg8 51. Bxf6 Rh5 52. Ng5 Rxg5
53. Bxg5 Re2+ 54. Kd1 Rxg2 55. Bxh4 g5 56. Be1 e5 57. Bd2 Be2+ 58. Kc1 Bd3 59.
Re7 e4 60. Re5 Rg1+ 61. Kb2 Rb1+ 62. Ka2 Rh1 63. Kb3 Bc4+ 64. Kb4 Rxh3 65. Bxg5
Kf7 66. a4 Rh1 67. a5 Rb1+ 68. Ka4 Rb3 69. Bd2 Kf6 70. Rh5 Ke6 71. Rg5 Rb1 72.
Be3 Bb5+ 73. Ka3 Bd3 74. Bd4 Ra1+ 75. Kb4 Rb1+ 1/2-1/2

[Event "2BLS 2122 Stuttgarter SF - SG Speyer-Sc"]
[Site "?"]
[Date "2022.05.01"]
[Round "4.6"]
[White "Beyer, Christian"]
[Black "Bodrozic, Tomislav"]
[Result "1/2-1/2"]
[WhiteElo "2293"]
[BlackElo "2349"]
[PlyCount "61"]
[EventDate "2022.??.??"]

1. d4 d5 2. Bf4 Nf6 3. e3 c5 4. Nc3 cxd4 5. exd4 a6 6. Nf3 Nc6 7. Be2 Bg4 8.
O-O e6 9. Ne5 Bxe2 10. Nxe2 Rc8 11. Re1 Be7 12. c3 O-O 13. Ng3 b5 14. a3 Na5
15. Qe2 Nc4 16. Rad1 a5 17. Nxc4 Rxc4 18. Nf5 b4 19. cxb4 axb4 20. b3 Rc3 21.
Nxe7+ Qxe7 22. axb4 Rxb3 23. Bd2 Ne4 24. Rb1 Rxb1 25. Rxb1 Qa7 26. Qd3 Qa2 27.
Be1 Rc8 28. Qd1 h6 29. b5 Rc2 30. Ra1 Qb2 31. Rb1 1/2-1/2

[Event "2BLS 2122 Stuttgarter SF - SG Speyer-Sc"]
[Site "?"]
[Date "2022.05.01"]
[Round "4.7"]
[White "Mager, Denis"]
[Black "Fritsch, Rolf"]
[Result "0-1"]
[WhiteElo "2263"]
[BlackElo "2183"]
[PlyCount "72"]
[EventDate "2022.??.??"]

1. c4 g6 2. Nc3 Bg7 3. d4 Nf6 4. e4 d6 5. Be2 O-O 6. g4 e5 7. d5 c6 8. h4 cxd5
9. cxd5 a6 10. g5 Nfd7 11. h5 b5 12. a3 Re8 13. hxg6 fxg6 14. Nf3 Ra7 15. Be3
Rb7 16. Nh2 b4 17. axb4 Rxb4 18. Qd2 Nc5 19. Bxc5 dxc5 20. Ng4 Rf8 21. Qe3 Rf4
22. Qh3 Kf8 23. f3 Qxg5 24. Qxh7 Bxg4 25. fxg4 Rxb2 26. Rd1 Nd7 27. Qh3 Rb3 28.
Qd3 Rf6 29. d6 Bh6 30. Qxa6 Qe3 31. Qc8+ Kg7 32. Qxd7+ Rf7 33. Qxf7+ Kxf7 34.
d7 Qxc3+ 35. Kf1 Bg5 36. Rd3 Qxd3 0-1

[Event "2BLS 2122 Stuttgarter SF - SG Speyer-Sc"]
[Site "?"]
[Date "2022.05.01"]
[Round "4.8"]
[White "Forster, Lukas"]
[Black "Commercon, Simon"]
[Result "0-1"]
[WhiteElo "1897"]
[BlackElo "2213"]
[PlyCount "52"]
[EventDate "2022.??.??"]

1. e4 g6 2. d4 Bg7 3. Nc3 d6 4. Be3 a6 5. a4 b6 6. h3 Bb7 7. g4 Nf6 8. Bg2 h5
9. g5 Nfd7 10. Nge2 e5 11. O-O exd4 12. Bxd4 Bxd4 13. Qxd4 Rf8 14. f4 Nc5 15.
b4 Ne6 16. Qd2 Nd7 17. h4 a5 18. f5 Ng7 19. bxa5 Rxa5 20. Nb5 Ne5 21. Qd4 gxf5
22. exf5 Bxg2 23. Kxg2 Qa8+ 24. Kg3 Kd7 25. Rad1 Rxa4 26. Qxe5 Rg4+ 0-1

[Event "2BLS 2122 TSV Schönaich - TSV Schott M"]
[Site "?"]
[Date "2022.05.01"]
[Round "4.1"]
[White "Lobron, Eric"]
[Black "Plenca, Jadranko"]
[Result "1-0"]
[WhiteElo "2503"]
[BlackElo "2446"]
[PlyCount "83"]
[EventDate "2022.??.??"]

1. Nf3 d5 2. c4 e6 3. g3 Nf6 4. Bg2 Be7 5. O-O O-O 6. d4 Nbd7 7. Qc2 c6 8. Nbd2
b6 9. e4 dxc4 10. Nxc4 Bb7 11. a3 c5 12. e5 Nd5 13. dxc5 Nxc5 14. Nd6 Bxd6 15.
Ng5 g6 16. exd6 Qxd6 17. b4 Nd7 18. Bb2 f6 19. Ne4 Qe7 20. Rfe1 Rfd8 21. Rad1
Rac8 22. Qb3 Ba8 23. Ng5 fxg5 24. Bxd5 Bxd5 25. Qxd5 Kf7 26. Qb3 Nf6 27. Rb1
Rd5 28. Re3 Qd6 29. Rbe1 Nd7 30. Rf3+ Kg8 31. Rfe3 Kf7 32. h3 b5 33. Rf3+ Kg8
34. Rfe3 Kf7 35. Rf3+ Kg8 36. Kg2 e5 37. Re4 Qe6 38. Rd3 Nf6 39. Rxd5 Nxd5 40.
Kg1 Rc4 41. Rxe5 Qc6 42. Qd3 1-0

[Event "2BLS 2122 TSV Schönaich - TSV Schott M"]
[Site "?"]
[Date "2022.05.01"]
[Round "4.2"]
[White "Krassowizkij, Jaroslaw"]
[Black "Krivonosov, Oleg"]
[Result "1/2-1/2"]
[WhiteElo "2436"]
[BlackElo "2367"]
[PlyCount "81"]
[EventDate "2022.??.??"]

1. e4 e5 2. Nf3 Nc6 3. Bc4 Bc5 4. c3 Nf6 5. d3 d6 6. O-O h6 7. Re1 O-O 8. h3 a6
9. a4 Ba7 10. Nbd2 Re8 11. Qb3 Qe7 12. a5 Rb8 13. Nf1 Be6 14. Bxe6 Qxe6 15.
Qxe6 Rxe6 16. Be3 Bxe3 17. Nxe3 Ne7 18. b4 Rd8 19. c4 c6 20. Nd2 Ng6 21. g3 Re7
22. Nb3 Rc7 23. Rad1 Nf8 24. Nf5 d5 25. exd5 cxd5 26. c5 Ng6 27. d4 e4 28. Nd2
Ne7 29. Nxe7+ Rxe7 30. b5 axb5 31. Rb1 Nh5 32. Rxb5 f5 33. Nf3 Rc7 34. Ne5 Ra8
35. Reb1 Ra7 36. a6 Rxa6 37. Rxb7 Rxb7 38. Rxb7 Ra1+ 39. Kh2 Ra2 40. Kg1 Ra1+
41. Kh2 1/2-1/2

[Event "2BLS 2122 TSV Schönaich - TSV Schott M"]
[Site "?"]
[Date "2022.05.01"]
[Round "4.3"]
[White "Balcerak, Jakob"]
[Black "Doric, Darko"]
[Result "1/2-1/2"]
[WhiteElo "2478"]
[BlackElo "2481"]
[PlyCount "69"]
[EventDate "2022.??.??"]

1. d4 d5 2. c4 e6 3. Nc3 a6 4. cxd5 exd5 5. Nf3 c6 6. e4 dxe4 7. Nxe4 Bb4+ 8.
Bd2 Bxd2+ 9. Qxd2 Nf6 10. Bd3 O-O 11. O-O Nxe4 12. Bxe4 Nd7 13. Bc2 Nf6 14. Bb3
Qd6 15. Rfe1 Bg4 16. Ne5 Rad8 17. h3 Bc8 18. Rad1 Nd5 19. Nd3 Rfe8 20. Rxe8+
Rxe8 21. Re1 Rd8 22. Qa5 Kf8 23. Bxd5 Qxd5 24. Qb4+ Qd6 25. Nc5 g6 26. Re4 h5
27. Qc3 Qd5 28. Qe3 Kg7 29. a3 a5 30. Re8 Rxe8 31. Qxe8 Be6 32. Nxe6+ fxe6 33.
Qe7+ Kg8 34. Qe8+ Kg7 35. Qe7+ 1/2-1/2

[Event "2BLS 2122 TSV Schönaich - TSV Schott M"]
[Site "?"]
[Date "2022.05.01"]
[Round "4.4"]
[White "Ivanisevic, Ivan"]
[Black "David, Alexandru-Vasile"]
[Result "1-0"]
[WhiteElo "2569"]
[BlackElo "2439"]
[PlyCount "95"]
[EventDate "2022.??.??"]

1. d4 d5 2. c4 e6 3. Nf3 Nf6 4. g3 Be7 5. Bg2 O-O 6. O-O a5 7. Nc3 c6 8. Ne5 b6
9. cxd5 cxd5 10. Bf4 Ba6 11. Re1 Bb7 12. Rc1 Nfd7 13. Nd3 g5 14. Bc7 Qe8 15.
Nb5 f5 16. Nd6 Bxd6 17. Bxd6 Rf7 18. Qd2 Rg7 19. Rc7 Bc8 20. Rec1 Na6 21. R7c3
Bb7 22. Ne5 Nf6 23. Rb3 Qd8 24. Ba3 Nb8 25. Qe3 Ne4 26. f3 Nd6 27. Nd3 Rg6 28.
Bxd6 Qxd6 29. Qe5 Qf8 30. Qc7 Rg7 31. Qxb6 Ra6 32. Qc5 Qd8 33. Ne5 Nd7 34. Qc7
Qxc7 35. Rxc7 Nxe5 36. Rxg7+ Kxg7 37. dxe5 Bc6 38. e3 a4 39. Rb8 d4 40. exd4
Bd5 41. f4 a3 42. Bxd5 exd5 43. fxg5 Kg6 44. h4 Kh5 45. Kf2 Kg4 46. Rb3 Ra4 47.
bxa3 Rxd4 48. Rb4 1-0

[Event "2BLS 2122 TSV Schönaich - TSV Schott M"]
[Site "?"]
[Date "2022.05.01"]
[Round "4.5"]
[White "Cicak, Slavko"]
[Black "Bosiocic, Marin"]
[Result "0-1"]
[WhiteElo "2486"]
[BlackElo "2541"]
[PlyCount "62"]
[EventDate "2022.??.??"]

1. c4 e5 2. Nc3 Bb4 3. Nd5 a5 4. a3 Be7 5. d4 d6 6. e4 Nf6 7. dxe5 dxe5 8.
Nxf6+ Bxf6 9. Qxd8+ Bxd8 10. Be3 a4 11. Ne2 Be6 12. Nc3 c6 13. Rc1 Nd7 14. Be2
Bb6 15. Bxb6 Nxb6 16. Na2 Nd7 17. Nb4 Nc5 18. Nd3 Nxe4 19. Nxe5 O-O-O 20. Nd3
Rd4 21. f3 Nd6 22. c5 Nc4 23. Kf2 Rhd8 24. Rc3 Nd2 25. Rd1 Nb3 26. Ke1 Bc4 27.
Kf2 g5 28. g4 Kc7 29. Bf1 h6 30. Ke3 Bb5 31. Be2 R4d5 0-1

[Event "2BLS 2122 TSV Schönaich - TSV Schott M"]
[Site "?"]
[Date "2022.05.01"]
[Round "4.6"]
[White "Perunovic, Milos"]
[Black "Goebel, Constantin"]
[Result "1-0"]
[WhiteElo "2544"]
[BlackElo "2259"]
[PlyCount "49"]
[EventDate "2022.??.??"]

1. e4 c5 2. Nf3 Nc6 3. Bb5 e6 4. O-O Nge7 5. d4 cxd4 6. Nxd4 a6 7. Be2 d5 8.
Nxc6 bxc6 9. Nd2 Ng6 10. exd5 cxd5 11. c4 d4 12. Nb3 e5 13. f4 Bd6 14. f5 Nh4
15. Bd3 g6 16. f6 Bb7 17. Qg4 Nf5 18. Bd2 a5 19. c5 a4 20. cxd6 axb3 21. Rxf5
Qxd6 22. Bb5+ Kf8 23. Qg3 Rxa2 24. Re1 Rxb2 25. Rfxe5 1-0

[Event "2BLS 2122 TSV Schönaich - TSV Schott M"]
[Site "?"]
[Date "2022.05.01"]
[Round "4.7"]
[White "Gohil, Harry"]
[Black "Plenca, Julijan"]
[Result "1/2-1/2"]
[WhiteElo "2247"]
[BlackElo "2443"]
[PlyCount "76"]
[EventDate "2022.??.??"]

1. d4 d5 2. Nf3 Nf6 3. e3 c5 4. c4 cxd4 5. Nxd4 e5 6. Nf3 Nc6 7. cxd5 Qxd5 8.
Be2 Qxd1+ 9. Bxd1 Bf5 10. O-O Bd3 11. Re1 e4 12. Nd4 Nxd4 13. exd4 O-O-O 14.
Bb3 Bb4 15. Nc3 Rhf8 16. Bf4 Nh5 17. Be5 Rd7 18. Bd1 f6 19. Bxh5 fxe5 20. Bg4
exd4 21. Nxe4 Bc2 22. Rec1 d3 23. a3 Rf4 24. Bxd7+ Kxd7 25. f3 Rxe4 26. fxe4
Bc5+ 27. Kf1 Be3 28. Re1 Bd4 29. Rad1 Ke6 30. Rd2 Bxb2 31. Re3 Bxa3 32. Rexd3
Bxd3+ 33. Rxd3 Bc5 34. Ke2 a5 35. Rd5 b6 36. Kd3 a4 37. Kc4 a3 38. Kb3 h6
1/2-1/2

[Event "2BLS 2122 TSV Schönaich - TSV Schott M"]
[Site "?"]
[Date "2022.05.01"]
[Round "4.8"]
[White "Lorscheid, Gerhard"]
[Black "Mueller, Marco"]
[Result "0-1"]
[WhiteElo "2160"]
[BlackElo "2222"]
[PlyCount "54"]
[EventDate "2022.??.??"]

1. d4 d5 2. c4 e6 3. Nc3 c5 4. e3 Nf6 5. Nf3 Nc6 6. a3 a6 7. dxc5 Bxc5 8. b4
Ba7 9. Bb2 O-O 10. Be2 dxc4 11. Bxc4 Qxd1+ 12. Rxd1 Rd8 13. Rxd8+ Nxd8 14. Ke2
Bd7 15. Ne5 Be8 16. Rd1 Nc6 17. Nxc6 Bxc6 18. f3 Kf8 19. a4 Rc8 20. Bb3 Bb8 21.
b5 axb5 22. axb5 Bd7 23. f4 e5 24. Rf1 exf4 25. exf4 Rxc3 26. Bxc3 Bxb5+ 27.
Kf2 Ne4+ 0-1

[Event "2BLS 2122 SC Böblingen - SC Eppingen"]
[Site "?"]
[Date "2022.05.01"]
[Round "4.1"]
[White "Noe, Christopher"]
[Black "Ortmann, David"]
[Result "1-0"]
[WhiteElo "2510"]
[BlackElo "2331"]
[PlyCount "65"]
[EventDate "2022.??.??"]

1. d4 d5 2. c4 e6 3. Nf3 Nf6 4. Nc3 c5 5. e3 a6 6. dxc5 Bxc5 7. a3 O-O 8. b4
Be7 9. cxd5 Nxd5 10. Nxd5 exd5 11. Bb2 Bf6 12. Qd2 a5 13. b5 Nd7 14. Rc1 Nb6
15. Be2 Bg4 16. O-O Bxf3 17. Bxf6 Qxf6 18. Bxf3 Rfd8 19. Rfd1 g6 20. h3 a4 21.
Rc7 Rab8 22. Qb4 Rdc8 23. Qc5 Rxc7 24. Qxc7 Qd8 25. Qe5 Nc4 26. Qf4 Nb6 27. e4
d4 28. e5 Rc8 29. Rxd4 Qe7 30. Qf6 Qc5 31. e6 fxe6 32. Bg4 Qc1+ 33. Rd1 1-0

[Event "2BLS 2122 SC Böblingen - SC Eppingen"]
[Site "?"]
[Date "2022.05.01"]
[Round "4.2"]
[White "Hirneise, Jens"]
[Black "Mesaros, Florian"]
[Result "1-0"]
[WhiteElo "2314"]
[BlackElo "2424"]
[PlyCount "63"]
[EventDate "2022.??.??"]

1. e4 e5 2. Nf3 Nc6 3. Bb5 a6 4. Ba4 Nf6 5. O-O Be7 6. Re1 b5 7. Bb3 d6 8. c3
O-O 9. h3 Re8 10. d4 h6 11. a4 Bb7 12. axb5 axb5 13. Rxa8 Qxa8 14. Na3 b4 15.
Nc4 exd4 16. cxd4 d5 17. exd5 Nxd5 18. Qd3 Bf8 19. Nce5 Na5 20. Bf4 Re7 21. Bc2
g6 22. Nxg6 Rxe1+ 23. Nxe1 fxg6 24. Qxg6+ Bg7 25. Bxh6 Qf8 26. Qh7+ Kf7 27. Nf3
b3 28. Ne5+ Ke6 29. Qg6+ Ke7 30. Bxg7 Qf4 31. Bh6 Qxd4 32. Bg5+ 1-0

[Event "2BLS 2122 SC Böblingen - SC Eppingen"]
[Site "?"]
[Date "2022.05.01"]
[Round "4.3"]
[White "Medvegy, Zoltan"]
[Black "Seitz, Patrick"]
[Result "1-0"]
[WhiteElo "2521"]
[BlackElo "2193"]
[PlyCount "71"]
[EventDate "2022.??.??"]

1. d4 Nf6 2. c4 c5 3. d5 e6 4. Nc3 exd5 5. cxd5 d6 6. Nf3 g6 7. g3 Bg7 8. Bg2
O-O 9. O-O h6 10. Nd2 b6 11. Rb1 Re8 12. Re1 g5 13. h3 Ba6 14. a3 c4 15. Nf3
Nbd7 16. h4 Nh7 17. hxg5 Nxg5 18. Nh4 Nc5 19. Nf5 Bf8 20. Bf4 Qf6 21. Nd4 Bc8
22. Ncb5 Rb8 23. Bxg5 hxg5 24. Nxa7 Bg4 25. Nac6 Rbc8 26. Qc2 b5 27. Nxb5 Bf5
28. e4 Nd3 29. Re3 Bd7 30. Nba7 Rc7 31. Rf3 Qh8 32. Re3 Bg7 33. Nb5 Rxc6 34.
dxc6 Bxc6 35. Nxd6 Rd8 36. Nxf7 1-0

[Event "2BLS 2122 SC Böblingen - SC Eppingen"]
[Site "?"]
[Date "2022.05.01"]
[Round "4.4"]
[White "Mueller, Ralf"]
[Black "Guliyev, Namig"]
[Result "1/2-1/2"]
[WhiteElo "2341"]
[BlackElo "2554"]
[PlyCount "60"]
[EventDate "2022.??.??"]

1. d4 d5 2. c4 dxc4 3. e4 b5 4. a4 c6 5. b3 e5 6. Nf3 Bb4+ 7. Bd2 Bxd2+ 8. Qxd2
Nf6 9. axb5 cxb3 10. dxe5 Nxe4 11. Qb4 b2 12. Ra3 Ng5 13. Be2 Nxf3+ 14. Bxf3
Bb7 15. O-O Qe7 16. Qa4 O-O 17. bxc6 Nxc6 18. Bxc6 Bxc6 19. Qxc6 Qxe5 20. Re3
Qd4 21. Rfe1 Rab8 22. h3 g6 23. Re4 Qd3 24. h4 h5 25. Qf6 Rb6 26. Qe7 a5 27.
Qc7 Rb5 28. R4e3 Qd4 29. Re4 Qd3 30. R4e3 Qd4 1/2-1/2

[Event "2BLS 2122 SC Böblingen - SC Eppingen"]
[Site "?"]
[Date "2022.05.01"]
[Round "4.5"]
[White "Hacker, Jonas"]
[Black "Tran, Thanh Kien"]
[Result "1-0"]
[WhiteElo "2392"]
[BlackElo "2159"]
[PlyCount "58"]
[EventDate "2022.??.??"]

1. e4 c6 2. d4 d5 3. e5 Qc7 4. c4 Bf5 5. Nc3 e6 6. Nf3 a6 7. Be2 Ne7 8. b3 h6
9. O-O Nd7 10. a4 g5 11. Ba3 Ng6 12. Bxf8 Kxf8 13. Bd3 Bxd3 14. Qxd3 Nf4 15.
Qe3 Ke7 16. Rfc1 Qd8 17. Rc2 Qg8 18. cxd5 exd5 19. Ne2 Qg6 20. Rc3 Rag8 21. b4
Nb6 22. Nd2 Qh5 23. Nxf4 gxf4 24. Qxf4 Nxa4 25. Qf6+ Kd7 26. Rf3 Nb6 27. b5
axb5 28. Ra7 Rb8 29. Nb3 Kc8 1-0

[Event "2BLS 2122 SC Böblingen - SC Eppingen"]
[Site "?"]
[Date "2022.05.01"]
[Round "4.6"]
[White "Vujic, Branimir"]
[Black "Gibicar, Danijel"]
[Result "0-1"]
[WhiteElo "2274"]
[BlackElo "2261"]
[PlyCount "76"]
[EventDate "2022.??.??"]

1. d4 Nf6 2. Nf3 g6 3. e3 Bg7 4. Be2 O-O 5. O-O d6 6. c4 c5 7. b3 b6 8. Bb2 e6
9. Qc2 Bb7 10. Nbd2 Qe7 11. dxc5 bxc5 12. Rac1 Nc6 13. Rfd1 Rad8 14. Ng5 Ne8
15. Bxg7 Nxg7 16. Nge4 f5 17. Nc3 g5 18. a3 g4 19. Rb1 a5 20. Nb5 Rf6 21. Qc3
Rh6 22. Nf1 e5 23. Rb2 Ne8 24. Qd2 Kh8 25. Nc3 Qg5 26. Nd5 Nf6 27. Nxf6 Rxf6
28. Qc3 Qh4 29. Rbd2 Kg8 30. Rd5 f4 31. exf4 Nd4 32. R5xd4 exd4 33. Qxa5 Rdf8
34. Qc7 Bxg2 35. Kxg2 Rxf4 36. Qxd6 Qxf2+ 37. Kh1 Qxe2 38. Qd5+ Kh8 0-1

[Event "2BLS 2122 SC Böblingen - SC Eppingen"]
[Site "?"]
[Date "2022.05.01"]
[Round "4.7"]
[White "Cofmann, Veaceslav"]
[Black "Martaler, Jewgeni"]
[Result "1-0"]
[WhiteElo "2332"]
[BlackElo "2194"]
[PlyCount "53"]
[EventDate "2022.??.??"]

1. e4 d6 2. d4 g6 3. Nc3 Bg7 4. Be3 Nc6 5. h3 Nf6 6. Nf3 a6 7. Be2 b5 8. a3 Bb7
9. O-O O-O 10. Nd2 e5 11. dxe5 Nxe5 12. f4 Nc6 13. Nb3 Re8 14. Bf3 Rb8 15. Re1
Ba8 16. Bf2 Nd7 17. Qd3 Nb6 18. Bxb6 Rxb6 19. e5 dxe5 20. Qxd8 Rxd8 21. Nd5 Rb7
22. Rad1 Re8 23. Nf6+ Bxf6 24. Bxc6 Rbb8 25. Bxe8 Rxe8 26. fxe5 Bxe5 27. Rxe5
1-0